Capitals of Dutch Overseas Territories - Statistics

General Stats
  • This quiz has been taken 67 times
  • The average score is 4 of 6
Answer Stats
Territory Answer % Correct
Aruba Oranjestad
90%
Sint Eustatius Oranjestad
90%
Curaçao Willemstad
73%
Saba The Bottom
40%
Bonaire Kralendijk
37%
Sint Maarten Philipsburg
37%
No matching quizzes found
Score Distribution
Percent of People with Each Score
Percentile by Number Answered
Your Score History
You have not taken this quiz